00712 2200229 4500001002100000005001500021035002000036007000300056008004100059020001800100082001100118084001700129100001800146245007700164250001100241260004100252500013700293650002100430856001700451990000700468990000700475INLIS00000000000004820220121104432 a0010-0122000048ta220121 0 ind  a9786028225212 a001.43 a001.43 WAH s0 aWahyudin, dkk1 a99 Percobaan sehari-hari - :bbereksperimen dengan bahan-bahan sederhana aSeri 2 aJakarta :bArmandelta Selaras,c2009 aBelajar sains lewat eksperimen sederhana, tak sekedar membuat pesrta didik mamu menangkap teori dan konsep sains dengan menyenangkan 4aPercobaan Ilmiah aKoleksi Umum a52 a51